01762nam a2200253 a 450000100060000000300090000600800410001502000150005604000280007108200180009910000370011724500600015425000060021426000350022030000090025550508290026459001360109365000370122965000260126665000340129294200120132699900170133895201530135520467CO-ViMGA141112s2004 ck r 000 u spa d a9701042395 aCO-ViMGAbspacCO-ViMGA04a658.406 G895d1 aGuizar Montúfar, Rafael92956410aDesarrollo organizacional : bPrincipios y aplicaciones a2 aMexico : bMcGraw Hill, c2004 a398p aIntroducción general al desarrollo organizacional 3 - - Breve historia de la evolución del desarrollo organizacional en Mexico y LatinoAmérica 25 - - Intervenciones en procesos humanos 149 - - Inverciones tecnoestructurales 203 - - Intervenciones de administración de recursos humanos 263 - - Instalación de objetivos y metas 265 - - Sistemas de recompensas y planeación y desarrollo de carrera 283 - - Administración del estres 301 - - PLaneación de sistemas abiertos y cultura corporativa 313 - - Intervenciones estrategicas 357 - - Administración del cambio estrategico 359 - - Evaluación y práctica del desarrollo organizacional y tendencias futuras 385 - - Tendencias en el ámbito del desarrollo organizacional 387 - - Bibliografía clásica en D.O. 395 - - Modelos Clásicos de D : O : 405  aForma de adquisición : Compra fact.0538 - - Precio : 55000 - - Proveedor : Temas y libros - - Fecha de adquisición : Marzo 200614aADMINISTRACION DE EMPRESAS9273514aCAMBIO ORGANIZACIONAL14aRENDIMIENTO INDUSTRIAL929565 2ddccBK c29461d29461 00102ddc40708002aMEVIECARbMEVIECARd2015-12-04hVolumen. 1 | 11/jun/2009l0o658.406 G895d p20467r2017-08-30 00:00:00tEj. 1w2015-12-04yBK